[Event "CZE-chT2A 1617"]
[Site "Czech Republic"]
[Date "2016.10.09"]
[Round "1.8"]
[White "Most, Zdenek"]
[Black "Halla, Josef"]
[Result "0-1"]
[WhiteElo "2018"]
[BlackElo "1759"]
[PlyCount "65"]
[EventDate "2016.10.09"]
[EventType "team-tourn"]
[EventRounds "11"]
[EventCountry "CZE"]
[SourceTitle "EXT 2022"]
[Source "ChessBase"]
[SourceDate "2021.10.06"]
[SourceVersion "1"]
[SourceVersionDate "2021.10.06"]
[SourceQuality "1"]
[WhiteTeam "Karlovy Vary Tietz II"]
[BlackTeam "Karlovy Vary Tietz"]
[WhiteTeamCountry "CZE"]
[BlackTeamCountry "CZE"]

1. d4 Nf6 2. Nf3 g6 3. g3 Bg7 4. Bg2 0-0 5. c4 d5 6. 0-0 e6 7. Nc3 Nc6 8. Bg5 Ne7 9. cxd5 exd5 10. Qd2 c6 11. Ne5 Ne4 12. Nxe4 dxe4 13. Bf4 Nf5 14. Rfd1 Nd6 15. Qb4 a5 16. Qc5 Re8 17. Nxc6 bxc6 18. Qxd6 Qb6 19. e3 Bf8 20. Qc7 Qa6 21. Bf1 Qb7 22. Qxb7 Bxb7 23. Rdc1 Rec8 24. Rc2 Be7 25. Rac1 g5 26. Be5 f6 27. Bh3 fxe5 28. Bxc8 Rxc8 29. dxe5 Kf7 30. Rc4 c5 31. a3 Ke6 32. Ra4 Bd8 33. Rac4 0-1